000 02038cam a22002414a 4500
005 20250605164114.0
008 250528s ||||||||||||||||||||||||d
035 _a17988
020 _a9789606759390
040 _aGR-AtMCL
_bgre
_dGR-AtMCL
_eAACR2
245 1 _aΜαθηματική Εκπαίδευση και Οικογενειακές Πρακτικές / Πρακτικά 3ου Συνεδρίου
260 _bΠανεπιστήμιο Ρόδου,
_c2009
300 _a856
520 _aΑπό τα πιο επίκαιρα διεθνώς ζητήματα της Διδακτικής των Μαθηματικών είναι η επίδραση των οικογενειακών πρακτικών στη μάθηση και στη διδασκαλία, αλλά και αντίστροφα η επίδραση της σχολικής μαθηματικής κουλτούρας στις οικογενειακές πρακτικές. Πρόλογος, Κεντρικές Ομιλίες, Ερευνητικές Εργασίες και Θεματικές Συνεδρίες, Οικογένεια και Μαθηματική Εκπαίδευση, Μαθηματική Δραστηριότητα, Διδακτικό Υλικό για τα Μαθηματικά, Αξιοποίηση των ΤΠΕ στη Μσαθηματική Εκπαίδευση, Γενικές Εργασίες, Αναρτημένες Εργασίες και Συνεδρίες Εργασίας και Ερευνητικά Προγράμματα, Αναρτημένες Εργασίες, Συνεδρίες Εργασίας, Ερευνητικά Προγράμματα, Ευρετήριο Συγγραφέων.
700 1 _aΚαλαβάσης Φραγκίσκος
_94312
700 1 _aΚαφούση Σόνια
_94313
700 1 _aΣκουμπουρδή Χρυσάνθη
_94314
700 1 _aΦεσάκης Γιώργος
_94315
700 1 _aΧιονίδου - Μοσκοφόγλου Μαρία
_94316
942 _cBK
999 _c3382
_d3382